ბათუმის შოთა რუსთაველის სახელმწიფო უნივერსიტეტის ბიბლიოთეკა

მერმისი : (ბიბ.ჩანაწერი № 61563)

000 -LEADER
fixed length control field 00881nam a22001577a 4500
005 - DATE AND TIME OF LATEST TRANSACTION
control field 20240325153031.0
008 - FIXED-LENGTH DATA ELEMENTS--GENERAL INFORMATION
fixed length control field 240325c2017 ge ||||| |||| 00| 0 geo d
041 ## - LANGUAGE CODE
Language code of text/sound track or separate title geo
245 ## - TITLE STATEMENT
Title მერმისი :
Remainder of title 2017. მწერალთა, ხელოვანთა და მეცნიერთა ეროვნული აკადემიის ჟურნალი /
Statement of responsibility, etc. დამფუძნებელი და მთავარი რედაქტორი: თეიმურაზ ლანჩავა; რედაქტორი: თემურ ამყოლაძე.
260 ## - PUBLICATION, DISTRIBUTION, ETC.
Place of publication, distribution, etc. ქუთაისი,
Date of publication, distribution, etc. 2015.
300 ## - PHYSICAL DESCRIPTION
Extent V.
653 ## - INDEX TERM--UNCONTROLLED
Uncontrolled term მერმისი
653 ## - INDEX TERM--UNCONTROLLED
Uncontrolled term პერიოდიკა
700 ## - ADDED ENTRY--PERSONAL NAME
Personal name ლანჩავა, თეიმურაზ
Relator term მთავარი რედაქტორი
9 (RLIN) 16441
942 ## - ADDED ENTRY ELEMENTS (KOHA)
Source of classification or shelving scheme
Koha item type პერიოდიკა
ეგზემპლარები
Withdrawn status Lost status Source of classification or shelving scheme Damaged status Not for loan Permanent Location Current Location Date acquired Serial Enumeration / chronology Barcode Date last seen Copy number Uniform Resource Identifier Price effective from Koha item type
          ბათუმის შოთა რუსთაველის სახელმწიფო უნივერსიტეტის მთავარი ბიბლიოთეკა ბათუმის შოთა რუსთაველის სახელმწიფო უნივერსიტეტის მთავარი ბიბლიოთეკა 2024-03-25 #2 (10) 2017 81169 2024-03-25 81169 ბსუ-ს საპატიო დოქტორის გურამ ლორთქიფანიძის საჩუქარი 2024-03-25 პერიოდიკა